<?xml version="1.0" encoding="UTF-8"?>
<record
    xmlns:xsi="http://www.w3.org/2001/XMLSchema-instance"
    xsi:schemaLocation="http://www.loc.gov/MARC21/slim http://www.loc.gov/standards/marcxml/schema/MARC21slim.xsd"
    xmlns="http://www.loc.gov/MARC21/slim">

  <leader>00450nam a2200133Ia 4500</leader>
  <controlfield tag="008">151001s9999||||xx |||||||||||||| ||und||</controlfield>
  <datafield tag="100" ind1=" " ind2=" ">
    <subfield code="a">&#x92E;&#x939;&#x93E;&#x935;&#x940;&#x930;&#x92A;&#x94D;&#x930;&#x938;&#x93E;&#x926;  &#x926;&#x94D;&#x935;&#x93F;&#x935;&#x947;&#x926;&#x940;</subfield>
  </datafield>
  <datafield tag="245" ind1=" " ind2=" ">
    <subfield code="a">&#x935;&#x93F;&#x91A;&#x93F;&#x924;&#x94D;&#x930; &#x91C;&#x940;&#x935; &#x91C;&#x928;&#x94D;&#x924;&#x941; &#x914;&#x930; &#x935;&#x928;&#x938;&#x94D;&#x92A;&#x924;&#x940;&#x92F;&#x949; </subfield>
  </datafield>
  <datafield tag="250" ind1=" " ind2=" ">
    <subfield code="a">1</subfield>
  </datafield>
  <datafield tag="260" ind1=" " ind2=" ">
    <subfield code="b">&#x938;&#x93E;&#x915;&#x94D;&#x937;&#x930;&#x924;&#x93E; &#x92A;&#x941;&#x938;&#x94D;&#x924;&#x915; &#x915;&#x947;&#x902;&#x926;</subfield>
  </datafield>
  <datafield tag="260" ind1=" " ind2=" ">
    <subfield code="c">&#x968;&#x966;&#x967;&#x96A;</subfield>
  </datafield>
  <datafield tag="300" ind1=" " ind2=" ">
    <subfield code="a">127</subfield>
  </datafield>
  <datafield tag="365" ind1=" " ind2=" ">
    <subfield code="b">21</subfield>
  </datafield>
  <datafield tag="999" ind1=" " ind2=" ">
    <subfield code="c">1001688</subfield>
    <subfield code="d">1001685</subfield>
  </datafield>
</record>
